| 000 | 00923nas a2200289 4500 | ||
|---|---|---|---|
| 001 | BR2014002722 | ||
| 003 | BR-BrBNA | ||
| 005 | 20231205123944.0 | ||
| 007 | ta | ||
| 008 | 230509b bl.|||p| |||| 00| 00por d | ||
| 040 |
_aBR-BrBNA _bpor _cBiblioteca Nacional de Agricultura |
||
| 041 | _a(Pt) | ||
| 072 | _aP34 | ||
| 100 | 1 | _aRoesch, L.F.W. | |
| 100 | 1 | _aPassaglia, L.M.P. | |
| 100 | 1 | _aBento, F.M. | |
| 100 | 1 | _aTriplett, E.W. | |
| 100 | 1 | _aCamargo, F.A.O. | |
| 245 | 1 | _aDiversidade de bactérias diazotróficas endofíticas associadas a plantas de milho | |
| 650 | _aMILHO | ||
| 650 | _aMICROBIOLOGIA DO SOLO | ||
| 650 | _aRIO GRANDE DO SUL | ||
| 773 | 0 |
_tRevista Brasileira de Ciência do Solo (Brazil) _xISSN 0100-0683 _g(Nov-Dec 2007), v. 31(6) p. 1367-1380 _wBR2014002722 |
|
| 856 | 4 | 0 | _uhttp://www.scielo.br/pdf/rbcs/v31n6/15.pdf |
| 909 |
_a202311 _bLúcia _c55 _dLúcia Elande |
||
| 942 |
_2AGRIS _n0 _cANA |
||
| 999 |
_c236584 _d236584 |
||